Quick Pick: Male Lead Singer? Quiz Stats

 Plays Quiz Updated Sep 1, 2018

Score 0/12 Timer 01:00
0 Plays Today
% Correct
Queen
96.7%
Nirvana
95.6%
Dire Straits
91.6%
Smashing Pumpkins
91.1%
The Kinks
88.8%
Talking Heads
88.5%
Chicago
87.1%
The Cars
84.6%
Rush
83.3%
Fine Young Cannibals
82.8%
The Proclaimers
70.6%
Blur
67.8%

Today's Daily Dose

Missing Word
Banned Books (A-Z)

Word Ladder
Janis Joplin

Get the Picture
Occupations

You're not logged in!

Compare scores with friends on all Sporcle quizzes.
OR
Log In

Sporcle TV

Today on Sporcle TV


Watch our educational content, quiz creation guides, and fun videos on Sporcle TV.

Show Comments

Extras

Top Quizzes Today


Score Distribution

Your Account Isn't Verified!

In order to create a playlist on Sporcle, you need to verify the email address you used during registration. Go to your Sporcle Settings to finish the process.

Report this User

Report this user for behavior that violates our Community Guidelines.

Details: